000 00493nam a22001937a 4500
003 UA-OsUOA
001 8441
007 ta
008 20041005b un ||||| |||| 00| 0 ukr d
100 _aПетрик О.
942 _cSA
040 _aUA-OsUOA
_bukr
_cUA-OsUOA
_dUA-OsUOA
245 _aАудиторська вибірка
955 _a0
041 _aukr
044 _aUA
773 0 _w0
_tБухгалтерський облік і аудит
_dК.
_d2004
_gN9
650 7 _aАудит
_2UDC
999 _c294602
_d294602